000 00286 a2200121 4500
001 76719
082 _a533.276 HAL
090 _c39239
_d39239
100 _aHAll Gordon
245 _aFundamentals phenomena in Hypersonic Flow
260 _aNY
_bCornell Uni
_c1966
300 _a354 p.
942 _aNUST-CAE
_k533.276 HAL
999 _c311792
_d311792